Maternal depression, women's empowerment, and parental investment: evidence from a randomized controlled trial (Record no. 514205)

000 -LEADER
fixed length control field 01369nam a22001577a 4500
008 - FIXED-LENGTH DATA ELEMENTS--GENERAL INFORMATION
fixed length control field 201014b ||||| |||| 00| 0 eng d
100 ## - MAIN ENTRY--PERSONAL NAME
Personal name Baranov, Victoria et al
245 ## - TITLE STATEMENT
Title Maternal depression, women's empowerment, and parental investment: evidence from a randomized controlled trial
260 ## - PUBLICATION, DISTRIBUTION, ETC. (IMPRINT)
Place of publication, distribution, etc The American Economic review
300 ## - PHYSICAL DESCRIPTION
Extent 110(3), Mar, 2020: p.824-859
520 ## - SUMMARY, ETC.
Summary, etc We evaluate the medium-term impacts of treating maternal depression on women's mental health, financial empowerment, and parenting decisions. We leverage variation induced by a cluster-randomized controlled trial that provided psychotherapy to 903 prenatally depressed mothers in rural Pakistan. It was one of the world's largest psychotherapy interventions, and it dramatically reduced postpartum depression. Seven years after psychotherapy concluded, we returned to the study site to find that impacts on women's mental health had persisted, with a 17 percent reduction in depression rates. The intervention also improved women's financial empowerment and increased both time- and money-intensive parental investments by between 0.2 and 0.3 standard deviations. – Reproduced
650 ## - SUBJECT ADDED ENTRY--TOPICAL TERM
Topical term or geographic name as entry element Household saving, Borrowing, Debt, Economics of gender, Non-labor discrimination
9 (RLIN) 18614
773 ## - HOST ITEM ENTRY
Main entry heading The American Economic Review
906 ## - LOCAL DATA ELEMENT F, LDF (RLIN)
Subject DIP HEALTH BEHAVIOR
942 ## - ADDED ENTRY ELEMENTS (KOHA)
Item type Articles
Holdings
Withdrawn status Lost status Source of classification or shelving scheme Damaged status Not for loan Permanent location Current location Date acquired Serial Enumeration / chronology Barcode Date last seen Koha item type
          Indian Institute of Public Administration Indian Institute of Public Administration 2020-10-14 110(3), Mar, 2020: p.824-859 AR123251 2020-10-14 Articles

Powered by Koha